| 000 | 00869nam a2200217 i 4500 | ||
|---|---|---|---|
| 001 | 141859 | ||
| 003 | ES-MaACL | ||
| 005 | 20231207063030.0 | ||
| 007 | t| | ||
| 008 | 070928s1934 sp |||| | spa d | ||
| 080 | _a008(460) | ||
| 100 | 1 |
_aViñas y Mey, Carmelo _9115384 |
|
| 245 | 1 | 3 |
_aEl concepto histórico de la cultura española _b: discurso inaugural de la Sección VI / _cpor Carmelo Viñas y Mey. |
| 260 |
_aMadrid : _bC. Bermejo, _c1934. |
||
| 300 |
_a33 p. ; _c24 cm. |
||
| 594 | _aPrecede al tít.: Asociación Española para el Progreso de las Ciencias: XIV Congreso, Santiago de Compostela, 1934. | ||
| 651 | 4 |
_aEspaña- _xCivilización. _98163 |
|
| 710 | 2 |
_aAsociación Española para el Progreso de las Ciencias. _bCongreso ( _n14º. _d1934. _cSantiago de Compostela) _91695 |
|
| 852 |
_aES-MaACL _j1810-F-12 |
||
| 999 |
_c141859 _d141859 |
||